Yüklüyor......

Standardisation for documentation /

Detaylı Bibliyografya
Diğer Yazarlar: Houghton, Bernard (Editör)
Materyal Türü: Printed Book
Dil:English
Baskı/Yayın Bilgisi: London : Clive Bingley, 1969.
LEADER 00495nam a2200133Ia 4500
008 150624b xxu||||| |||| 00| 0 eng d
082 |a 025.00218, 
245 |a Standardisation for documentation /  |c edited by Bernard Houghton 
260 |a London :  |b Clive Bingley,  |c 1969. 
300 |a 93 p. 
700 |a Houghton, Bernard  |e editor. 
942 |c BK 
999 |c 24835  |d 24835 
952 |0 0  |1 0  |4 0  |6 025_000000000000000_00218_HOU_S  |7 0  |9 24834  |a UL  |b UL  |c ST2  |d 1998-08-28  |l 0  |o 025.00218, HOU/S  |p 36083  |r 2012-10-27  |w 2012-10-27  |y BK